[Event "Montreal op U2000"]
[Site "Montreal CAN"]
[Date "2016.09.10"]
[Round "3.3"]
[White "Langlois-Remillard, Alexis"]
[Black "Lalumiere, Etienne"]
[Result "1-0"]
[WhiteElo "1873"]
[BlackElo "1595"]
[PlyCount "99"]
[EventDate "2016.09.09"]
[EventType "swiss"]
[EventRounds "5"]
[EventCountry "CAN"]

1. b3 d5 2. Bb2 Nf6 3. e3 c5 4. Nf3 Nc6 5. Bb5 Bg4 6. h3 Bf5 7. g4 Bg6 8. Ne5
Qc7 9. d3 Nd7 10. Bxc6 bxc6 11. Nxg6 hxg6 12. Nd2 e5 13. g5 Be7 14. Qg4 O-O-O
15. O-O-O Kb7 16. f4 Bd6 17. fxe5 Bxe5 18. Rdf1 Rhf8 19. Nf3 Bxb2+ 20. Kxb2 Ne5
21. Qf4 Rde8 22. h4 f6 23. Nxe5 Qxe5+ 24. Qxe5 fxe5 25. Kc3 Kc7 26. Kd2 Kd6 27.
e4 Rf4 28. Ke3 Ref8 29. Rxf4 exf4+ 30. Kf3 d4 31. h5 Rh8 32. h6 gxh6 33. Rxh6
Rg8 34. Kxf4 Rg7 35. Rh8 Rf7+ 36. Kg3 Rg7 37. Rf8 Kd7 38. Rf6 Kc7 39. Kf4 Kd7
40. e5 Kc7 41. e6 Kd6 42. Rf7 Rg8 43. e7 Re8 44. Rg7 Rxe7 45. Rxe7 Kxe7 46. Ke5
a6 47. a3 a5 48. a4 Kf7 49. Kd6 Kf8 50. Kxc6 1-0

[Event "Montreal op U2000"]
[Site "Montreal CAN"]
[Date "2016.09.10"]
[Round "3.4"]
[White "Mangahas, Ronald"]
[Black "Bourassa, Louis"]
[Result "1-0"]
[WhiteElo "1834"]
[BlackElo "1512"]
[PlyCount "63"]
[EventDate "2016.09.09"]
[EventType "swiss"]
[EventRounds "5"]
[EventCountry "CAN"]

1. e4 c5 2. Nf3 e6 3. d4 cxd4 4. Nxd4 Nc6 5. Nc3 Qc7 6. Be3 a6 7. Be2 Nf6 8.
O-O Bb4 9. Bd3 b5 10. Kh1 h5 11. f4 Bb7 12. e5 Ng4 13. Bg1 Nxd4 14. Bxd4 Bc5
15. Be4 Ne3 16. Bxe3 Bxe3 17. Qf3 Bxe4 18. Nxe4 Qa7 19. Nd6+ Ke7 20. Qg3 Rag8
21. Qg5+ f6 22. Qg6 Kd8 23. Nf7+ Kc7 24. Nxh8 Rxh8 25. Qxg7 Qa8 26. Rad1 Qc8
27. Rd3 Bc5 28. Rfd1 Kb6 29. Rxd7 Rg8 30. Qxf6 Qc6 31. R7d6 Bxd6 32. Rxd6 1-0

[Event "Montreal op U2000"]
[Site "Montreal CAN"]
[Date "2016.09.10"]
[Round "3.5"]
[White "Hollander, Michael"]
[Black "Ivakhin, Mikhail"]
[Result "0-1"]
[WhiteElo "1786"]
[BlackElo "1997"]
[PlyCount "126"]
[EventDate "2016.09.09"]
[EventType "swiss"]
[EventRounds "5"]
[EventCountry "CAN"]

1. d4 d5 2. c4 e6 3. Nc3 f5 4. Bf4 c6 5. cxd5 exd5 6. Nf3 Bd6 7. Ne5 Nf6 8. e3
O-O 9. Bd3 Qe7 10. O-O Be6 11. Bg5 Nbd7 12. f4 Qd8 13. Qc2 Ne4 14. Nxe4 fxe4
15. Be2 Be7 16. Bxe7 Qxe7 17. Nxd7 Qxd7 18. b4 Qe7 19. b5 cxb5 20. Bxb5 Rac8
21. Qb2 a6 22. Be2 Rc7 23. Rfc1 Rfc8 24. Bd1 b5 25. Rxc7 Qxc7 26. Bb3 a5 27.
Qd2 b4 28. Rb1 Qc6 29. Rb2 Qb5 30. Rc2 a4 31. Rxc8+ Bxc8 32. Bd1 Ba6 33. Kf2 b3
34. axb3 axb3 35. Bxb3 Qxb3 36. Qa5 Qc2+ 37. Kg3 Qc6 38. Qd8+ Kf7 39. Qb8 Bc4
40. Qe5 Qe6 41. Qc7+ Qe7 42. Qc8 h6 43. Qf5+ Qf6 44. Qd7+ Kg8 45. h4 Qg6+ 46.
Kh2 h5 47. Qd8+ Kh7 48. Qa5 Qg4 49. Qe1 Qf5 50. Qg3 Be2 51. Qe1 Bg4 52. Qa5 Qd7
53. Qb4 Qd8 54. Kg3 Qc7 55. Qe1 Qc2 56. Kh2 Qe2 57. Qg3 Qf1 58. f5 Qxf5 59. Qd6
Qf2 60. Qg3 Qxg3+ 61. Kxg3 Kg6 62. Kf4 Kf6 63. g3 Bd1 0-1

[Event "Montreal op U2000"]
[Site "Montreal CAN"]
[Date "2016.09.10"]
[Round "3.6"]
[White "Trochu, Julien"]
[Black "Mercure, Gilbert"]
[Result "1-0"]
[WhiteElo "1992"]
[BlackElo "1747"]
[PlyCount "55"]
[EventDate "2016.09.09"]
[EventType "swiss"]
[EventRounds "5"]
[EventCountry "CAN"]

1. e4 d5 2. exd5 Nf6 3. d4 Nxd5 4. Nf3 Bf5 5. Bd3 Bxd3 6. Qxd3 e6 7. c3 Be7 8.
O-O Nd7 9. Be3 c6 10. Nbd2 g5 11. Rae1 g4 12. Ne5 Nxe5 13. dxe5 Qc7 14. f4 Nxe3
15. Qxe3 O-O-O 16. Ne4 b5 17. c4 Kb7 18. c5 Rd5 19. b4 a5 20. a3 axb4 21. axb4
Ra8 22. Ra1 Rxa1 23. Rxa1 Kb8 24. Ra6 Kc8 25. Qa3 Bh4 26. g3 Be7 27. Ra8+ Kd7
28. Ra7 1-0

[Event "Montreal op U2000"]
[Site "Montreal CAN"]
[Date "2016.09.10"]
[Round "3.8"]
[White "Pinsonneault, Marc"]
[Black "Desjardins, Michel"]
[Result "0-1"]
[WhiteElo "1682"]
[BlackElo "1931"]
[PlyCount "86"]
[EventDate "2016.09.09"]
[EventType "swiss"]
[EventRounds "5"]
[EventCountry "CAN"]

1. e4 d5 2. exd5 Qxd5 3. Nf3 Bg4 4. Be2 Nc6 5. d4 O-O-O 6. Be3 e5 7. Nc3 Qa5 8.
O-O Bxf3 9. Bxf3 Nxd4 10. Ne4 f5 11. Ng5 Nh6 12. c3 Nxf3+ 13. Qxf3 f4 14. Bc1
Be7 15. Ne4 Qa6 16. b4 Qd3 17. Nd2 Kb8 18. Re1 Nf7 19. Qg4 Bf6 20. Ne4 h5 21.
Qf5 Nd6 22. Nxd6 Rxd6 23. Qxd3 Rxd3 24. c4 Rhd8 25. Kf1 Rc3 26. c5 Rc2 27. Re2
Rd1+ 28. Re1 Rd4 29. Rb1 Rxa2 30. Bb2 Rd2 31. Bxe5 Rxf2+ 32. Kg1 Rxg2+ 33. Kh1
Rxh2+ 34. Kg1 Rag2+ 35. Kf1 Bxe5 36. Rxe5 a6 37. b5 Rb2 38. Re8+ Ka7 39. Rxb2
Rxb2 40. bxa6 Kxa6 41. Re7 c6 42. Rxg7 Rc2 43. Rf7 Rxc5 0-1

[Event "Montreal op U2000"]
[Site "Montreal CAN"]
[Date "2016.09.10"]
[Round "3.10"]
[White "Mathews, Theo"]
[Black "Goldner, John"]
[Result "1-0"]
[WhiteElo "1583"]
[BlackElo "1824"]
[PlyCount "119"]
[EventDate "2016.09.09"]
[EventType "swiss"]
[EventRounds "5"]
[EventCountry "CAN"]

1. e4 c5 2. Nf3 Nc6 3. Nc3 d6 4. d4 cxd4 5. Nxd4 Nf6 6. f3 e6 7. Be3 Be7 8. Qd2
O-O 9. O-O-O a6 10. g4 Qc7 11. h4 Rd8 12. h5 b5 13. Nxc6 Qxc6 14. g5 Nd7 15. g6
Ne5 16. gxh7+ Kxh7 17. Qg2 b4 18. Rg1 Rg8 19. Nb1 Bd7 20. f4 Nc4 21. Bxc4 Qxc4
22. b3 Qc7 23. Qd2 Rac8 24. Rg2 a5 25. Qd3 Kh8 26. f5 Bf8 27. f6 gxf6 28. Rxg8+
Kxg8 29. Rg1+ Kh8 30. Qd2 e5 31. Qg2 Bg4 32. c4 Qd7 33. Qxg4 Qxg4 34. Rxg4 Kh7
35. Nd2 Rc6 36. h6 Rc8 37. Nf3 a4 38. Kc2 a3 39. Nh4 Rc6 40. Nf5 Rc7 41. Rg2
Rc6 42. Rd2 Kg6 43. Rd5 Rc8 44. Nxd6 Bxd6 45. Rxd6 Rb8 46. Rb6 Rxb6 47. Bxb6
Kxh6 48. c5 f5 49. exf5 Kg5 50. c6 Kxf5 51. c7 Kf4 52. c8=Q f5 53. Qc4+ e4 54.
Kd2 Kf3 55. Qe2+ Kg3 56. Bc7+ Kh4 57. Qg2 Kh5 58. Bf4 Kh4 59. Qg3+ Kh5 60. Qg5#
1-0

[Event "Montreal op U2000"]
[Site "Montreal CAN"]
[Date "2016.09.10"]
[Round "3.11"]
[White "Lalonde, Jean-Louis"]
[Black "Bolduc, Olivier"]
[Result "1-0"]
[WhiteElo "1824"]
[BlackElo "1495"]
[PlyCount "119"]
[EventDate "2016.09.09"]
[EventType "swiss"]
[EventRounds "5"]
[EventCountry "CAN"]

1. d4 Nf6 2. Nf3 g6 3. c4 Bg7 4. Nc3 O-O 5. e4 d6 6. Be2 Nc6 7. d5 Nb8 8. O-O
Nbd7 9. h3 Nc5 10. Qc2 e5 11. Be3 Ncd7 12. b4 Ne8 13. Ne1 f5 14. f3 f4 15. Bf2
g5 16. c5 Rf6 17. Rc1 Rh6 18. Bb5 Ndf6 19. Bxe8 Qxe8 20. Nd3 Qh5 21. Be1 g4 22.
fxg4 Nxg4 23. Nd1 Nf6 24. Rf3 Nxe4 25. Nxf4 exf4 26. Qxe4 Be5 27. Bc3 Bf5 28.
Qe2 Re8 29. Bxe5 Rxe5 30. Qd2 Be4 31. cxd6 Rxd6 32. Rxf4 Rexd5 33. Qf2 Bf5 34.
Ne3 Rd2 35. Rxf5 Rxf2 36. Rxh5 Re2 37. Rg5+ Kf8 38. Rf1+ Ke8 39. Nf5 Rdd2 40.
Nh4 Kd7 41. Rg7+ Kc6 42. Rc1+ Kb5 43. Rcxc7 Kxb4 44. Rxb7+ Kc5 45. Rxa7 Rd6 46.
Rxh7 Rb6 47. Rh5+ Kb4 48. Nf3 Rc2 49. Rh4+ Kc3 50. Rc7+ Kb2 51. Rxc2+ Kxc2 52.
a4 Rb1+ 53. Kf2 Ra1 54. Ke2 Kc3 55. Nd2 Ra2 56. Rc4+ Kb2 57. Kd3 Ra3+ 58. Kd4
Ka1 59. Rc3 Rxc3 60. Kxc3 1-0

[Event "Montreal op U2000"]
[Site "Montreal CAN"]
[Date "2016.09.10"]
[Round "3.12"]
[White "Saine, Zachary"]
[Black "Moisescu, George"]
[Result "1-0"]
[WhiteElo "1822"]
[BlackElo "1475"]
[PlyCount "129"]
[EventDate "2016.09.09"]
[EventType "swiss"]
[EventRounds "5"]
[EventCountry "CAN"]

1. e4 e6 2. d4 d5 3. e5 c5 4. c3 Nc6 5. Nf3 Qb6 6. a3 c4 7. Be2 Nge7 8. O-O Ng6
9. Ne1 Be7 10. f4 Bd7 11. Qc2 a5 12. Be3 f5 13. Nd2 a4 14. Nef3 Na5 15. Ng5 Nb3
16. Nxb3 axb3 17. Qd2 Nf8 18. g4 h6 19. Nh3 g6 20. gxf5 gxf5 21. Bh5+ Kd8 22.
Kh1 Kc7 23. Rg1 Be8 24. Qe2 Qc6 25. Rg7 Qd7 26. Bf2 Bxh5 27. Qxh5 Qe8 28. Qe2
Rd8 29. Bh4 Rd7 30. Bf6 Nh7 31. Rxe7 Rxe7 32. Bxh8 Qxh8 33. Qh5 Qf8 34. Qg6 Kd7
35. Rg1 Rf7 36. Qg8 Qxg8 37. Rxg8 Nf8 38. Rh8 Ke7 39. Rxh6 Rg7 40. Ng5 Ng6 41.
Nh3 Kf7 42. Rh5 Nxf4 43. Nxf4 Rg4 44. Ne2 Re4 45. Ng1 Re1 46. Rh7+ Ke8 47. Rxb7
Rb1 48. a4 Rxb2 49. h4 Ra2 50. h5 Kf8 51. Ra7 Rc2 52. a5 Rxc3 53. a6 b2 54. Rb7
Ra3 55. Rxb2 Rxa6 56. Ne2 Kg7 57. Nf4 Rc6 58. Rc2 Kh6 59. Rg2 Kh7 60. Kh2 Kh6
61. Rg6+ Kh7 62. Nxd5 Kh8 63. Nf6 Rc8 64. Rh6+ Kg7 65. Rh7+ 1-0

[Event "Montreal op U2000"]
[Site "Montreal CAN"]
[Date "2016.09.10"]
[Round "3.13"]
[White "Zhong, Kevin"]
[Black "Potvin, Alain-Nicolas"]
[Result "1-0"]
[WhiteElo "1652"]
[BlackElo "1799"]
[PlyCount "51"]
[EventDate "2016.09.09"]
[EventType "swiss"]
[EventRounds "5"]
[EventCountry "CAN"]

1. e4 d6 2. d4 Nf6 3. Nc3 g6 4. Bg5 Bg7 5. f4 O-O 6. Nf3 c5 7. e5 Nh5 8. dxc5
f6 9. Bh4 Nxf4 10. exd6 exd6 11. Qxd6 Re8+ 12. Kf2 Qa5 13. Qxf4 g5 14. Bxg5
fxg5 15. Qxg5 Nc6 16. Bd3 Ne5 17. Ne4 h6 18. Qd2 Qc7 19. Rhe1 Ng4+ 20. Kg1 Bd4+
21. Nxd4 Qxh2+ 22. Kf1 Rf8+ 23. Ke2 Qxg2+ 24. Kd1 Nf2+ 25. Nxf2 Rxf2 26. Qe3
1-0

[Event "Montreal op U2000"]
[Site "Montreal CAN"]
[Date "2016.09.10"]
[Round "3.15"]
[White "Sahuguet, Nicolas"]
[Black "Lemieux, Serge"]
[Result "1/2-1/2"]
[WhiteElo "1963"]
[BlackElo "1734"]
[PlyCount "134"]
[EventDate "2016.09.09"]
[EventType "swiss"]
[EventRounds "5"]
[EventCountry "CAN"]

1. d4 d5 2. c4 Nf6 3. Nc3 c6 4. e3 e6 5. Nf3 Nbd7 6. Qc2 Be7 7. Bd3 dxc4 8.
Bxc4 Nb6 9. Bb3 Nbd5 10. O-O h6 11. e4 Nxc3 12. bxc3 O-O 13. Be3 b6 14. Rad1
Bb7 15. Ne5 Qc7 16. f3 Rad8 17. Qf2 Bd6 18. Qg3 Bxe5 19. dxe5 Rxd1 20. Rxd1 Nh5
21. Qg4 g6 22. Bxh6 Rd8 23. f4 Rxd1+ 24. Qxd1 Bc8 25. Bg5 Ng7 26. g4 Qd7 27.
Qd6 Ne8 28. Qxd7 Bxd7 29. Be7 Nc7 30. a4 b5 31. Kf2 bxa4 32. Bxa4 Nb5 33. Bb4
a6 34. Ke3 Kg7 35. c4 Nc7 36. Bc2 Ne8 37. h4 f5 38. exf5 gxf5 39. g5 Kg6 40.
Bd1 Ng7 41. Kd4 Nh5 42. Bd2 Ng3 43. h5+ Kg7 44. Bf3 Nf1 45. Bc1 a5 46. Kc5 a4
47. Bxc6 Bxc6 48. Kxc6 Ng3 49. h6+ Kg6 50. Kb5 Ne2 51. Ba3 Nxf4 52. Kxa4 Nd3
53. Kb3 f4 54. Kc3 Nxe5 55. Bd6 f3 56. Bc5 Kxg5 57. h7 Ng6 58. Be3+ Kf6 59. c5
Kg7 60. c6 Ne7 61. c7 Kxh7 62. Kd3 Kg6 63. Ke4 Nc8 64. Kxf3 Kf5 65. Bc5 e5 66.
Ke3 Ke6 67. Ke4 Kd7 1/2-1/2

[Event "Montreal op U2000"]
[Site "Montreal CAN"]
[Date "2016.09.10"]
[Round "3.16"]
[White "Alcantara, Maximo jr"]
[Black "Lauron, Ranel"]
[Result "0-1"]
[WhiteElo "1681"]
[BlackElo "1953"]
[PlyCount "26"]
[EventDate "2016.09.09"]
[EventType "swiss"]
[EventRounds "5"]
[EventCountry "CAN"]

1. Nf3 d5 2. d4 c6 3. g3 Nf6 4. Bg2 Bf5 5. c3 Nbd7 6. Nbd2 e6 7. O-O Bd6 8. Re1
h6 9. Nh4 Bh7 10. e4 g5 11. e5 gxh4 12. Qf3 Ne4 13. Nxe4 Bxe4 {...} 0-1

[Event "Montreal op U2000"]
[Site "Montreal CAN"]
[Date "2016.09.10"]
[Round "3.17"]
[White "Bleau, John"]
[Black "Desmarais, Serge"]
[Result "1-0"]
[WhiteElo "1907"]
[BlackElo "1730"]
[PlyCount "115"]
[EventDate "2016.09.09"]
[EventType "swiss"]
[EventRounds "5"]
[EventCountry "CAN"]

1. d4 d5 2. g3 Nf6 3. Bg2 e6 4. Nf3 c5 5. O-O Nc6 6. b3 Be7 7. dxc5 Bxc5 8. Bb2
O-O 9. Nc3 a6 10. Na4 Be7 11. Nd4 Qc7 12. Rc1 e5 13. Nxc6 bxc6 14. c4 d4 15. c5
Be6 16. Qd3 Ra7 17. e3 dxe3 18. Qxe3 Nd7 19. Rfe1 Bf6 20. Red1 Re8 21. Be4 Nb8
22. Qf3 h6 23. Rd6 Bd7 24. Nb6 Re6 25. Rcd1 Rxd6 26. Rxd6 Be8 27. Rxf6 gxf6 28.
Qxf6 Qe7 29. Bxe5 Qxf6 30. Bxf6 Nd7 31. Bd4 Nf8 32. Nc8 Rc7 33. Nd6 Bd7 34. Nf5
Bxf5 35. Bxf5 Ne6 36. Be3 Rd7 37. Be4 Kg7 38. Kg2 Nd8 39. Bf3 f6 40. h4 a5 41.
Kf1 Kg6 42. h5+ Kg7 43. Ke2 Kh7 44. Bf4 Ne6 45. Be4+ Kg7 46. Bd6 f5 47. Be5+
Kf7 48. Bxc6 Re7 49. Bd5 Ke8 50. Bxe6 Rxe6 51. f4 Kd7 52. Kf3 Kc6 53. Bd6 Kb5
54. g4 fxg4+ 55. Kxg4 Re2 56. f5 Rxa2 57. f6 Rf2 58. Bf4 1-0

[Event "Montreal op U2000"]
[Site "Montreal CAN"]
[Date "2016.09.10"]
[Round "3.18"]
[White "Robillard, Jean-Philippe"]
[Black "Brassard, Sylvain"]
[Result "1-0"]
[WhiteElo "1636"]
[BlackElo "1873"]
[PlyCount "85"]
[EventDate "2016.09.09"]
[EventType "swiss"]
[EventRounds "5"]
[EventCountry "CAN"]

1. d4 d5 2. c4 c6 3. Nc3 e6 4. e4 dxe4 5. Nxe4 Bb4+ 6. Nc3 Nf6 7. Nf3 Ne4 8.
Qb3 Qa5 9. Bd2 Nxd2 10. Nxd2 O-O 11. c5 Nd7 12. f4 Nf6 13. O-O-O Bxc3 14. bxc3
Qc7 15. g3 b6 16. Qa3 bxc5 17. Qxc5 Nd7 18. Qh5 c5 19. d5 Nf6 20. Qe5 Qxe5 21.
fxe5 Ng4 22. dxe6 Bxe6 23. Re1 Bd5 24. Rg1 Nxh2 25. c4 Be6 26. Bd3 Ng4 27. Re2
Nh6 28. Ne4 Rac8 29. Rh1 Ng4 30. Nd6 Rc7 31. Bxh7+ Kh8 32. Rh4 Nh6 33. Bf5 Kg8
34. Reh2 Re7 35. Be4 f6 36. Rh5 fxe5 37. Rd2 Rf1+ 38. Kb2 Bg4 39. Rg5 Rf8 40.
Rh2 Rd7 41. Bd5+ Kh7 42. Ne4 Rf5 43. Rxg4 1-0

[Event "Montreal op U2000"]
[Site "Montreal CAN"]
[Date "2016.09.10"]
[Round "3.19"]
[White "Uthayakumar, Ronan"]
[Black "Kaneshalingam, Mathanhe"]
[Result "1/2-1/2"]
[WhiteElo "1849"]
[BlackElo "1694"]
[PlyCount "51"]
[EventDate "2016.09.09"]
[EventType "swiss"]
[EventRounds "5"]
[EventCountry "CAN"]

1. e4 c5 2. Nf3 Nc6 3. d4 cxd4 4. Nxd4 g6 5. Be2 Bg7 6. Nb3 Nf6 7. Nc3 d6 8.
O-O O-O 9. Be3 Bd7 10. f4 a6 11. Bf3 Rb8 12. a4 Qc7 13. Qd2 Rfe8 14. Qf2 b6 15.
h3 Nb4 16. Rfd1 Be6 17. Kh2 Nd7 18. Bd4 Bxb3 19. cxb3 Bxd4 20. Rxd4 Nc6 21. Nd5
Qb7 22. e5 e6 23. Nb4 d5 24. Nxc6 Qxc6 25. Rc4 Qb7 26. Rac1 1/2-1/2

[Event "Montreal op U2000"]
[Site "Montreal CAN"]
[Date "2016.09.10"]
[Round "3.20"]
[White "Tsanaclis, Albert"]
[Black "Blanchet, Robert"]
[Result "0-1"]
[WhiteElo "1615"]
[BlackElo "1846"]
[PlyCount "52"]
[EventDate "2016.09.09"]
[EventType "swiss"]
[EventRounds "5"]
[EventCountry "CAN"]

1. e4 c5 2. c3 d5 3. exd5 Qxd5 4. d4 Nf6 5. Nf3 Bg4 6. Be2 e6 7. h3 Bh5 8. c4
Qd8 9. Be3 cxd4 10. Bxd4 Nc6 11. Bc3 Ne4 12. Qa4 Bc5 13. Rf1 O-O 14. Nbd2 Nxc3
15. bxc3 Bxf3 16. Bxf3 Ne5 17. Bxb7 Nd3+ 18. Ke2 Nf4+ 19. Ke1 Rb8 20. Qc6 Qe7
21. Qe4 Qf6 22. Rb1 Rfd8 23. Rb5 Nd3+ 24. Ke2 Qxc3 25. Rb3 Nc1+ 26. Rxc1 Rxd2+
0-1

[Event "Montreal op U2000"]
[Site "Montreal CAN"]
[Date "2016.09.10"]
[Round "3.22"]
[White "Pretell Diaz, Carol"]
[Black "Kay, Sang Kil"]
[Result "1-0"]
[WhiteElo "1824"]
[BlackElo "1623"]
[PlyCount "145"]
[EventDate "2016.09.09"]
[EventType "swiss"]
[EventRounds "5"]
[EventCountry "CAN"]

1. c4 Nf6 2. Nc3 c6 3. g3 d6 4. Bg2 Qc7 5. d3 g6 6. Nf3 Bg4 7. h3 Bxf3 8. Bxf3
Bg7 9. O-O Nbd7 10. Rb1 O-O 11. b4 Rad8 12. Qb3 Kh8 13. Be3 a6 14. Rfc1 Qb8 15.
b5 c5 16. Qa4 axb5 17. Rxb5 b6 18. Qb3 Qa7 19. Qa4 Qc7 20. Rcb1 Rb8 21. Qa6 e6
22. Na4 d5 23. Nxb6 Nxb6 24. Rxb6 Ra8 25. Qb5 Rxa2 26. Rb7 Qe5 27. Qxc5 Nh5 28.
Kg2 d4 29. Qxe5 Bxe5 30. Bh6 Ng7 31. c5 Kg8 32. c6 Raa8 33. R7b5 Bc7 34. Bf4
Ne8 35. Bxc7 Nxc7 36. Rb7 Rac8 37. e3 Rfd8 38. exd4 Kf8 39. R1b4 Ke7 40. Rc4
Kd6 41. g4 Ra8 42. g5 Ra3 43. Be4 Rf8 44. Rcb4 Rc8 45. Rb8 Ra8 46. Rxc8 Rxc8
47. Rb7 Ra8 48. Kg3 Ra4 49. Rb8 Ra8 50. Rxa8 Nxa8 51. h4 Nc7 52. Kg4 Nb5 53. h5
Nxd4 54. hxg6 hxg6 55. f4 Kc7 56. Bg2 Kd6 57. Be4 Kc7 58. Kg3 Kd6 59. Kf2 Nb5
60. Ke3 Nc7 61. d4 Nd5+ 62. Bxd5 exd5 63. c7 Kxc7 64. f5 Kd6 65. Kf4 Kc6 66.
fxg6 fxg6 67. Ke5 Kc7 68. Kxd5 Kd7 69. Ke5 Ke7 70. d5 Kf7 71. d6 Ke8 72. Ke6
Kd8 73. d7 1-0

[Event "Montreal op U2000"]
[Site "Montreal CAN"]
[Date "2016.09.10"]
[Round "3.23"]
[White "Zheng, Richard"]
[Black "Tanaka, Tyler"]
[Result "1/2-1/2"]
[WhiteElo "1612"]
[BlackElo "1813"]
[PlyCount "92"]
[EventDate "2016.09.09"]
[EventType "swiss"]
[EventRounds "5"]
[EventCountry "CAN"]

1. e4 c5 2. Nf3 d6 3. d4 cxd4 4. Nxd4 Nf6 5. Nc3 g6 6. Bb5+ Bd7 7. Bxd7+ Qxd7
8. O-O Bg7 9. f3 Nc6 10. Be3 O-O 11. Nxc6 bxc6 12. Qd2 Rab8 13. b3 Qc7 14. Rad1
Rfd8 15. a4 d5 16. Qf2 a6 17. Bc5 Nd7 18. Ne2 Nxc5 19. Qxc5 Qb6 20. Qxb6 Rxb6
21. Rd3 d4 22. Rfd1 e5 23. Nc3 Rdb8 24. Nb1 R6b7 25. Na3 Re7 26. Nc4 f5 27. Na5
Re6 28. h3 h5 29. Nc4 f4 30. Kf2 h4 31. Ke2 Bf8 32. Rb1 Bb4 33. Nb2 Re7 34. Nd1
Reb7 35. Nb2 Kf7 36. Nc4 Ke6 37. Rf1 Bc3 38. Rdd1 Rc8 39. Rd3 Rcb8 40. Rfd1 Bb4
41. Rf1 Bc3 42. Rdd1 Rc8 43. Kd3 Rcb8 44. Ke2 Rc8 45. Rd3 Rcb8 46. Rdd1 Rc8
1/2-1/2

[Event "Montreal op U2000"]
[Site "Montreal CAN"]
[Date "2016.09.10"]
[Round "3.25"]
[White "Lamoureux, Yvon"]
[Black "Xu, Daniel"]
[Result "1-0"]
[WhiteElo "1791"]
[BlackElo "1607"]
[PlyCount "85"]
[EventDate "2016.09.09"]
[EventType "swiss"]
[EventRounds "5"]
[EventCountry "CAN"]

1. e4 e6 2. d4 d5 3. Nd2 Nf6 4. e5 Nfd7 5. Bd3 c5 6. c3 Nc6 7. Ne2 Be7 8. f4 c4
9. Bb1 b5 10. O-O g6 11. g4 Rg8 12. Kh1 Nb6 13. f5 gxf5 14. gxf5 exf5 15. Bxf5
Bxf5 16. Rxf5 Qd7 17. Qc2 Bf8 18. Nf3 Ne7 19. Rg5 Rxg5 20. Nxg5 h6 21. Nf3 Qg4
22. Neg1 Nf5 23. Qg2 h5 24. Qxg4 hxg4 25. Ne1 Be7 26. Ng2 Kd7 27. Ne3 Nxe3 28.
Bxe3 f6 29. Ne2 fxe5 30. dxe5 Rg8 31. Rg1 b4 32. Bd4 bxc3 33. bxc3 Rg5 34. Rf1
Kc6 35. Kg2 Nd7 36. Rf7 Bc5 37. e6 Nb6 38. e7 Bxe7 39. Rxe7 Nc8 40. Rf7 a6 41.
Kg3 Rg8 42. Rf6+ Kb7 43. Nf4 1-0

[Event "Montreal op U2000"]
[Site "Montreal CAN"]
[Date "2016.09.10"]
[Round "3.26"]
[White "Richard, Leo"]
[Black "Messaoudene, Kamel"]
[Result "0-1"]
[WhiteElo "1481"]
[BlackElo "1775"]
[PlyCount "64"]
[EventDate "2016.09.09"]
[EventType "swiss"]
[EventRounds "5"]
[EventCountry "CAN"]

1. e4 c6 2. d4 d6 3. Nf3 Bg4 4. h3 Bh5 5. Nc3 Nd7 6. Bf4 Qb6 7. Na4 Qa5+ 8. c3
Bxf3 9. gxf3 b5 10. d5 bxa4 11. dxc6 Nb6 12. e5 dxe5 13. Be3 Qd5 14. Qxd5 Nxd5
15. Bb5 Nc7 16. Bxa4 Nf6 17. O-O-O g6 18. f4 Bh6 19. fxe5 Bxe3+ 20. fxe3 Nfd5
21. Rde1 Nb6 22. Bb3 e6 23. Rhf1 O-O 24. e4 Rac8 25. a4 a5 26. h4 Na6 27. Rf6
Nc5 28. Kc2 Nxb3 29. Kxb3 Rxc6 30. Rd1 Rc4 31. h5 Rxe4 32. hxg6 hxg6 0-1

[Event "Montreal op U2000"]
[Site "Montreal CAN"]
[Date "2016.09.10"]
[Round "3.27"]
[White "Bouchard, Alexandre"]
[Black "Lessard, Sylvain"]
[Result "1/2-1/2"]
[WhiteElo "1462"]
[BlackElo "1757"]
[PlyCount "62"]
[EventDate "2016.09.09"]
[EventType "swiss"]
[EventRounds "5"]
[EventCountry "CAN"]

1. d4 Nf6 2. Nf3 c5 3. c3 e6 4. g3 Nc6 5. Bg2 d5 6. Nbd2 b6 7. Qa4 Bd7 8. Qd1
Bd6 9. O-O Qc7 10. Re1 Ne7 11. e4 dxe4 12. Ng5 Bc6 13. Ngxe4 Nxe4 14. Nxe4 O-O
15. Qh5 Ng6 16. Ng5 h6 17. Nxe6 fxe6 18. Qxg6 Rf6 19. Qg4 Bxg2 20. Kxg2 Qf7 21.
Be3 Rf8 22. Rf1 h5 23. Qe4 Rg6 24. dxc5 Rg4 25. Qc6 bxc5 26. Qxd6 Qf3+ 27. Kh3
Qf5 28. Kg2 Qf3+ 29. Kg1 h4 30. h3 Rxg3+ 31. fxg3 Qxe3+ 1/2-1/2

[Event "Montreal op U2000"]
[Site "Montreal CAN"]
[Date "2016.09.10"]
[Round "3.28"]
[White "Tsypin, Allison"]
[Black "Johnson-Constantin, Matthieu"]
[Result "0-1"]
[WhiteElo "1508"]
[BlackElo "1858"]
[PlyCount "84"]
[EventDate "2016.09.09"]
[EventType "swiss"]
[EventRounds "5"]
[EventCountry "CAN"]

1. e4 e6 2. d4 d5 3. Nc3 Bb4 4. e5 c5 5. a3 Bxc3+ 6. bxc3 Nc6 7. Nf3 Qc7 8. Be2
Nge7 9. O-O Bd7 10. a4 cxd4 11. cxd4 Na5 12. Ba3 Nc4 13. Bxe7 Kxe7 14. Nd2 Nb2
15. Qb1 Qc3 16. Nf3 Rhc8 17. Bd3 h6 18. Ra2 Nxa4 19. Qxb7 Rcb8 20. Qa6 Rb6 21.
Rxa4 Rxa6 22. Rxa6 Bc8 23. Raa1 a5 24. Ra2 Ba6 25. Bxa6 Rxa6 26. Rfa1 Kd7 27.
h3 Kc6 28. Kh2 a4 29. Kg3 a3 30. Kh2 Ra7 31. Kg3 Kb5 32. Rb1+ Ka4 33. Rb3 Qxb3
34. cxb3+ Kxb3 35. Rxa3+ Rxa3 36. Ne1 Kc4+ 37. Kf4 Rd3 38. Nf3 Rxf3+ 39. Kxf3
Kxd4 40. Kf4 Kc3 41. Ke3 d4+ 42. Ke2 Kc2 0-1

[Event "Montreal op U2000"]
[Site "Montreal CAN"]
[Date "2016.09.10"]
[Round "3.29"]
[White "Lamarche, Michel"]
[Black "Lima-Barbosa, Raphael"]
[Result "1/2-1/2"]
[WhiteElo "1986"]
[BlackElo "1647"]
[PlyCount "83"]
[EventDate "2016.09.09"]
[EventType "swiss"]
[EventRounds "5"]
[EventCountry "CAN"]

1. e4 c6 2. d4 d5 3. Nc3 dxe4 4. Nxe4 Bf5 5. Ng3 Bg6 6. Nf3 h6 7. h4 Nf6 8. h5
Bh7 9. Bd3 Bxd3 10. Qxd3 e6 11. Bd2 Bd6 12. Ne4 Nxe4 13. Qxe4 Nd7 14. Qg4 Bf8
15. Qe4 Nf6 16. Qe2 Be7 17. O-O-O Qc7 18. Kb1 O-O 19. Ne5 Rfd8 20. Bc1 c5 21.
dxc5 Qxc5 22. g4 Rd5 23. Rxd5 Nxd5 24. f4 Qb4 25. Qf3 Bf6 26. c3 Qd6 27. Re1
Rc8 28. Bd2 a5 29. Qe4 b5 30. g5 hxg5 31. fxg5 Bxe5 32. Qxe5 Qxe5 33. Rxe5 Rc4
34. Kc2 a4 35. Kd3 Kf8 36. Re4 Rxe4 37. Kxe4 f6 38. b3 axb3 39. axb3 fxg5 40.
Bxg5 Nxc3+ 41. Kd4 Nd5 42. h6 1/2-1/2

[Event "Montreal op U2000"]
[Site "Montreal CAN"]
[Date "2016.09.10"]
[Round "3.30"]
[White "Zhong, Wenxuan"]
[Black "Sanyal, Prateek"]
[Result "1-0"]
[WhiteElo "1805"]
[BlackElo "1676"]
[PlyCount "87"]
[EventDate "2016.09.09"]
[EventType "swiss"]
[EventRounds "5"]
[EventCountry "CAN"]

1. e4 c5 2. Ne2 c4 3. Nbc3 Nc6 4. Ng3 Nf6 5. Bxc4 e5 6. O-O Bc5 7. d3 h6 8. Be3
Bxe3 9. fxe3 Qb6 10. Nf5 O-O 11. Na4 Qa5 12. Bb3 d5 13. exd5 Nxd5 14. e4 Nf4
15. Qe1 Qd8 16. Qh4 Qxh4 17. Nxh4 Nd4 18. Nf3 Nxb3 19. axb3 f6 20. g3 Ne6 21.
Nb6 Rb8 22. Rxa7 Nc7 23. Raa1 Bh3 24. Rf2 Rfd8 25. Nh4 Rd6 26. Nc4 Rc6 27. Nf5
Bxf5 28. Rxf5 Ne6 29. Rf2 Nd4 30. Ne3 Rbc8 31. Nd5 Kf8 32. Nc3 Ke7 33. Ra7 Rb8
34. b4 Kd6 35. Ra5 Rbc8 36. Kf1 Ke6 37. Ke1 Kd6 38. Kd1 Ke6 39. Kc1 Kd6 40.
Nb5+ Ke6 41. Nxd4+ exd4 42. Rd5 Rd6 43. Rxd6+ Kxd6 44. Rf5 1-0

[Event "Montreal op U2000"]
[Site "Montreal CAN"]
[Date "2016.09.10"]
[Round "3.31"]
[White "Cisse, Lamine"]
[Black "Omichi, Haruaki"]
[Result "1-0"]
[WhiteElo "1800"]
[BlackElo "1569"]
[PlyCount "55"]
[EventDate "2016.09.09"]
[EventType "swiss"]
[EventRounds "5"]
[EventCountry "CAN"]

1. d4 d5 2. e3 Nf6 3. Bd3 e6 4. f4 c5 5. c3 Nc6 6. Nf3 Be7 7. O-O O-O 8. Nbd2
Ng4 9. Qe2 f5 10. Ne5 Ncxe5 11. dxe5 c4 12. Bc2 Bc5 13. Nf3 Qb6 14. Nd4 Qd8 15.
h3 Nh6 16. Rf3 Nf7 17. Bd2 h6 18. g4 fxg4 19. Rg3 h5 20. hxg4 h4 21. g5 hxg3
22. Qh5 Re8 23. Kg2 Kf8 24. Bg6 Qd7 25. f5 Bxd4 26. cxd4 a5 27. f6 Rd8 28. Qh7
1-0